000 00857cam a2200265 a 4500
001 16743984
005 20141116120526.0
008 110420t2012 xxuak frb 001 0 eng d
010 _a2011288670
020 _a9780120884780
040 _aDLC
_cDLC
_dDLC
_dEG-ScBUE
082 0 0 _222
_a005.453
_bCOO
100 1 _aCooper, Keith D.
_q(Keith Daniel)
_936539
245 1 0 _aEngineering a compiler /
_cKeith D. Cooper, Linda Torczon.
250 _a2nd ed.
260 _aBurlington, United States :
_bMorgan Kaufmann,
_bElsevier,
_cc.2012.
300 _axxiii, 800 p. :
_bforms, tables ;
_c25 cm.
500 _aIndex : p. 787-800.
504 _aBibliography : p. 765-785.
650 0 _aCompilers (Computer programs)
_913036
653 _bCOMSCI
_cNovember2014
655 _vreading book
_934232
700 1 _aTorczon, Linda
_936540
942 _2ddc
_k005.453 COO
999 _c18622
_d18594